000 00629nam a22002297a 4500
003 UA-OsUOA
001 42977
007 ta
008 20061204b un ||||| |||| 00| 0 ukr d
090 _a94(476)
_bБ43
942 _cBK
040 _aUA-OsUOA
_brus
_cUA-OsUOA
_dUA-OsUOA
245 _aБеларускі календар
300 _a176 с.
955 _a2
041 _arus
080 _a94(476)
020 _a5-85700-047-5
260 _aМінск
_bбеларуская савецкая энциклопедия
_c1990
650 7 _a9 Географія. Біографії. Історія
_2UDC
999 _c329080
_d329080